000 00393nam a2200169Ia 4500
003 OSt
005 20240614152507.0
008 230406s9999 xx 000 0 und d
020 _a9789394902664
082 _a8H3
_bKUMB
100 _aKumar, Shiv K.
245 0 _aBudh : Nirvan Ki Raah Per
260 _aDelhi
_bRajkamal
_c2022
300 _a176p
650 _aFiction/Novel
942 _cBK
_2ddc
999 _c1620
_d1620